| 000 | 00579nam a2200193 a 4500 | ||
|---|---|---|---|
| 005 | 20210219153001.0 | ||
| 008 | 991125n 000 0 eng u | ||
| 035 | _aUPN01000070681 | ||
| 100 | _aFry, D. J. | ||
| 222 | _aCOMPUTERS AND EDUCATION | ||
| 245 | _aThe database format question : an alternative to multiple choice and free format for computer based testing | ||
| 300 | _a395-402 | ||
| 362 | _a1990 14, no. 5 | ||
| 653 | 0 | _aCOMPARACION ASISTIDA POR ORDENADOR | |
| 653 | 0 | _aFORMATO DE PRUEBAS | |
| 653 | 0 | _aTEST ITEMS | |
| 904 |
_aAC _b008492 |
||
| 905 | _aArticulo | ||
| 999 |
_c65463 _d65463 |
||